The A-Z of Health and Safety (Record no. 540524)

000 -LEADER
fixed length control field 00324nam a22001337a 4500
020 ## - INTERNATIONAL STANDARD BOOK NUMBER
International Standard Book Number 9788130905310
040 ## - CATALOGING SOURCE
Transcribing agency NUST
082 ## - DEWEY DECIMAL CLASSIFICATION NUMBER
Classification number 620
Author Mark STR
100 ## - MAIN ENTRY--PERSONAL NAME
Personal name Stranks, Jeremy
9 (RLIN) 34590
245 ## - TITLE STATEMENT
Title The A-Z of Health and Safety
260 ## - PUBLICATION, DISTRIBUTION, ETC.
Place of publication, distribution, etc. New Delhi. :
Name of publisher, distributor, etc. Viva Books,
Date of publication, distribution, etc. 2015.
300 ## - PHYSICAL DESCRIPTION
Extent 637p. ;
Dimensions 23 cm.
942 ## - ADDED ENTRY ELEMENTS (KOHA)
Source of classification or shelving scheme
Koha item type Book
Holdings
Withdrawn status Lost status Source of classification or shelving scheme Damaged status Not for loan Permanent Location Current Location Shelving location Date acquired Total Checkouts Full call number Barcode Checked out Date last seen Date last checked out Price effective from Koha item type Public note
          School of Mechanical & Manufacturing Engineering (SMME) School of Mechanical & Manufacturing Engineering (SMME) General Stacks 10/27/2020 1 620 STR SMME-3570 06/12/2024 02/13/2024 02/13/2024 10/27/2020 Book Rack,41-Shelf,2
© 2023 Central Library, National University of Sciences and Technology. All Rights Reserved.